000 00415nam a2200157Ia 4500
008 210716s2001 xx 000 0 und d
020 _a0324063733
041 _aeng
082 _a658.848 JAIS
100 _aJain, Subhash C.
245 _aInternational marketing cases.
250 _a6
260 _aAustralia
_bSouth Western Thomson learning
_c2001
300 _aviii,c-192
650 _aInternational Marketing
999 _c199086
_d199086